| 000 | 01181cab a22002295a 4500 | ||
|---|---|---|---|
| 001 | L141875 | ||
| 008 | 080104e2007 xxk f 000 0 eng d | ||
| 035 | _a(Sirsi) u141875 | ||
| 041 | 0 | _aeng | |
| 100 | 1 | _aAndrew, Anthony | |
| 245 | 0 | 4 | _aThe evolution of betterment in the United Kingdom |
| 260 | _c2007 | ||
| 490 |
_aJournal of Retail and Leisure Property _v6(4), 273-280(8) |
||
| 520 | _aExamines the position of the planning gain supplement within the history of the UK's revenue collection and planning betterment schemes. Examines legislation used in the past in order to show the origin of planning gain provisions. There have been two main strands of legislation in the past: revenue production, and the achievement of planning aims. Argues that the current legislation satisfies both of these. Aimed at readers interested in current and past planning legislation, policy makers and the betterment debate. | ||
| 590 | _aKA | ||
| 650 | 2 | 4 | _aPLANNING GAIN SUPPLEMENT |
| 651 | 4 |
_aUnited Kingdom _y |
|
| 690 | _aENVIRONMENTAL AND LAND CONSULTANCY-PLANNING AND DEVELOPMENT-PLANNING REFORM | ||
| 700 | 1 |
_aPitt, Michael _cSir |
|
| 700 | 1 | _aTucker, Matthew | |
| 942 | _n0 | ||
| 999 |
_c79638 _d79638 |
||